Berühmte Nachnamen - Statistiken

Allgemein
  • Dieses Quiz wurde 513 mal gespielt
  • Das Durchschnittsergebnis liegt bei 8 aus 14
Antwortstatistiken
Vornamen Nachname % Korrekt
Ivana, Melania, Donald Trump
95%
Bill, Chelsea, Hillary Clinton
93%
John F, Robert F, Edward Kennedy
92%
Boris, Thorsten, Benjamin, Nadja Becker
82%
Steffi, Martin, Andreas, Daniel Graf
80%
Nina, Antje, Anna Julia, Cosma Shiva Hagen
75%
Etta, Jesse, LeBron, Henry James
75%
Norah, Tom, Rashida, Tommy Lee Jones
65%
Foxy, James, Chris, Bobby Brown
63%
Arthur, Henry, Sienna Miller
33%
Johann, Fabio, Richard, Josef, Edouard Strauss
30%
Egidius, Claudia, Christian, Nina Schiffer
23%
Philip, David Lee, Uli Jon, Petra Roth
22%
Thomas, Aimee, Angelika, Tobias Mann
16%
Keine übereinstimmenden Quizze gefunden
Verteilung der Resultate
Anzahl Personen mit jedem Resultat
Perzentil nach korrekt beantworteten Fragen
Ihre Resultats-Entwicklung
Sie haben dieses Quiz noch nicht gespielt